000 00637nam a2200169 i 4500
001 161117
003 ES-MaACL
005 20250930063141.0
008 950301s1869 sp l |||| | spa d
040 _aEUS
_bspa
_cEUS
100 1 _aOrtiz de Zúñiga, Manuel,
_d1806-1874?
_987610
245 1 0 _aJurisprudencia civil de España conforme a las doctrinas consignadas en los fallos del Tribunal Supremo de Justicia /
_cpor Manuel Ortiz de Zúñiga.
260 _aMadrid :
_b[s.n.],
_c1869 (
_fImprenta de José Rodriguez)
300 _a2 v. ;
_c22 cm.
852 _aES-MaACL
_jC-3304-05
_z-- Enc. pasta
999 _c161117
_d161117